Human Population Dynamics Revisited with the Logistic Model How Much Can Be Modeled and Predicted?

Uložené v:
Podrobná bibliografia
Hlavný autor: Marchetti, Cesare
Ďalší autori: Meyer, Perrin S., Ausubel, Jesse H.
Médium: Kniha
Jazyk:English
Vydavateľské údaje: Laxenburg International Institute for Applied Systems Analysis 1996
Vydanie:1. ed.
Edícia:RR-96-14
Predmet:
Tagy: Pridať tag
Žiadne tagy, Buďte prvý, kto otaguje tento záznam!

MARC

LEADER 00000nam a2200000 4500
001 c019200
005 20221214071136.9
041 0 |a eng 
044 |a AT 
245 1 0 |a Human Population Dynamics Revisited with the Logistic Model  |b How Much Can Be Modeled and Predicted?  |c Cesare Marchetti, Perrin S. Meyer, Jesse H. Ausubel 
250 |a 1. ed. 
264 1 |a Laxenburg  |b International Institute for Applied Systems Analysis  |c 1996 
300 |a 30 s. 
490 1 |a RR-96-14 
830 0 |a RR-96-14 
500 |a Reprinted from Technological Forecasting and Social Change, Vol. 52, pp. 1-30 (1996) 
610 2 0 |a populácia 
610 2 0 |a modely dynamické 
610 2 0 |a modely logistické 
610 2 0 |a pôrodnosť 
610 2 0 |a rozvoj sociálny 
610 2 0 |a úmrtnosť 
610 2 0 |a migrácia 
100 1 |a Marchetti, Cesare 
700 1 |a Meyer, Perrin S. 
700 1 |a Ausubel, Jesse H.